000
00312nam a22001457a 4500
008
230516b ||||| |||| 00| 0 eng d
020
_a
0415231000
041
_a
eng
080
_a
159.9
082
_a
159.9MAN
100
_a
25
101
_a
PSI
245
_a
EXPLORING BORDERS
_c
MANTOVANI G
942
_2
udc
_c
BK
999
_c
59747
_d
59747